000
00302nam a2200097Ia 4500
008
220204s9999 xx 000 0 und d
082
_a
058:658.114(540)
_b
IND
245
0
_a
India 2004 Business directory: The address book for business people
260
_a
New Delhi
_b
Amelia Publications
_c
2004
942
_c
BK
999
_c
42350
_d
42350